NFL - 2026 Pittsburgh Steelers - Statistics

General Stats
  • This quiz has been taken 104 times
    79 since last reset
  • The average score is 18 of 27
Answer Stats
Hint Answer % Correct
QB Aaron Rodgers
100%
WR D.K. Metcalf
98%
RB Jaylen Warren
94%
WR Calvin Austin III
92%
TE Darnell Washington
91%
LOLB T.J. Watt
89%
DT Cameron Heyward
88%
TE Pat Freiermuth
88%
FS Jalen Ramsey
82%
CB Joey Porter Jr.
82%
K Chris Boswell
80%
WR Roman Wilson
78%
MLB Payton Wilson
75%
ROLB Alex Highsmith
69%
MLB Patrick Queen
68%
LT Broderick Jones
62%
CB Darius Slay
57%
C Zach Frazier
57%
RG Mason McCormick
51%
DE Derrick Harmon
49%
RT Troy Fautanu
49%
LG Issac Seumalo
48%
P Corliss Waitman
45%
NT Keeanu Benton
43%
SS Kyle Dugger
37%
NB Brandin Echols
35%
LS Christian Kuntz
35%
No matching quizzes found
Score Distribution
Percent of People with Each Score
Percentile by Number Answered
Your Score History
You have not taken this quiz since the last reset